000 00504nam a22001817a 4500
999 _c4095
_d4095
003 GBCCL
005 20241126110510.0
008 180111b xxu||||| |||| 00| 0 eng d
020 _a0840751303
040 _cgbc
082 _a242
_bTOD
245 _aToday /
_cEdited & Compiled by Governor's & Mayor's Prayer Breakfast Movement
260 _bThomas Nelson, Inc.,
_aNashville:
_c1978
260 _c1978
300 _c24 cm.
650 _aChristian life
_vQuotations, Maxims, etc.
_97851
942 _2ddc
_cBK